000 00663nam a2200277Ia 4500
005 20260324113120.0
008 008 260324s9999 xx 000 0 eng d
020 _a9781003041603
037 _aEBOOK
040 _aCRL
040 _beng
040 _cCRL
041 _2eng
041 _aeng
084 _qCRL
100 _aFiona Mitchell; Silvie Kilgallon
_91145477
245 0 _aTime and Chronology in Creation Narratives
260 _bTaylor and Francis
260 _c2024
365 _a
365 _b230
856 _uhttp://www.taylorfrancis.com/books/9781003041603
942 _cEBOOK
999 _c1734960
_d1734960